Score 0/20 Timer 03:00
1 Play Today
% Correct
Of
94%
As
93.2%
On
92.2%
Out
92%
In
91.6%
With
89.4%
Under
88.6%
Vs.
83.6%
Like
83.1%
Through
82.1%
% Correct
About
82.1%
Up
81.4%
To
81.2%
For
80.6%
From
80.5%
Against
78.9%
At
78.4%
Behind
76.4%
Before
72.4%
Into
70.8%
Remove Ads.
Support Sporcle.
Get the best of Sporcle when you Go Orange. This ad-free experience offers more features, more stats, and more fun while also helping to support Sporcle. Thank you for becoming a member.

You're not logged in!

Compare scores with friends on all Sporcle quizzes.
OR
Log In

Show Comments

Extras

Top Quizzes Today


Score Distribution

Your Account Isn't Verified!

In order to create a playlist on Sporcle, you need to verify the email address you used during registration. Go to your Sporcle Settings to finish the process.

Report this User

Report this user for behavior that violates our Community Guidelines.

Details: